[Event "4NCL Division 2b"]
[Site "Telford, ENG"]
[Date "2019.02.10"]
[Round "6.62"]
[White "Grant, David J"]
[Black "McClement, Andrew"]
[Result "0-1"]
[WhiteElo "2222"]
[BlackElo "2226"]
[PlyCount "76"]
[EventDate "2019.02.10"]
[WhiteTeam "Sussex Martlets 1"]
[BlackTeam "Cambridge University 1"]

1. e4 c5 2. Nf3 d6 3. d4 cxd4 4. Qxd4 Nc6 5. Bb5 Bd7 6. Qd3 g6 7. c4 Bg7 8. O-O
Nf6 9. Nc3 O-O 10. Bxc6 Bxc6 11. Nd4 Nd7 12. Be3 Rc8 13. f4 a6 14. Rac1 Re8 15.
Rfd1 Qa5 16. a3 Nc5 17. Qc2 Ba4 18. Nxa4 Qxa4 19. Qxa4 Nxa4 20. Rc2 Nc5 21. e5
dxe5 22. fxe5 Bxe5 23. Nf3 Bf6 24. b4 Ne4 25. c5 Red8 26. Re1 Bc3 27. Rec1 Rd3
28. Bf4 a5 29. Kf1 axb4 30. Ke2 Rcd8 31. axb4 Bxb4 32. Rc4 Nc3+ 33. Kf2 Nd5 34.
Rb1 Bxc5+ 35. Rxc5 Nxf4 36. Rxb7 R3d7 37. Rcc7 Rxc7 38. Rxc7 Nd5 0-1

[Event "4NCL Division 2b"]
[Site "Telford, ENG"]
[Date "2019.02.10"]
[Round "6.63"]
[White "Robertson, J Stuart"]
[Black "Payne, Matthew J"]
[Result "1-0"]
[WhiteElo "2130"]
[BlackElo "2275"]
[PlyCount "77"]
[EventDate "2019.02.10"]
[WhiteTeam "Cambridge University 1"]
[BlackTeam "Sussex Martlets 1"]

1. d4 Nf6 2. c4 g6 3. Nc3 Bg7 4. e4 d6 5. f3 O-O 6. Be3 Nc6 7. Nge2 a6 8. Qd2
Rb8 9. Rc1 Bd7 10. b3 e5 11. d5 Na5 12. g4 h5 13. gxh5 Nxh5 14. Ng3 Nf4 15. b4
Nxc4 16. Bxc4 Qh4 17. Bf1 Bh6 18. Qf2 f5 19. Rd1 fxe4 20. Ngxe4 Qh5 21. Ng3 Qh4
22. Nge2 Qh5 23. Nxf4 exf4 24. Bd4 Rbe8+ 25. Be2 Bh3 26. Ne4 Rxe4 27. fxe4 f3
28. Bd3 Bg5 29. Rg1 Bg2 30. Rxg2 fxg2 31. Qxg2 Qh6 32. Rb1 Qh4+ 33. Kd1 Qf4 34.
Kc2 Rc8 35. Rf1 Qh4 36. Qg3 Qh5 37. Rg1 c5 38. dxc6 Rxc6+ 39. Kb3 1-0

[Event "4NCL Division 2b"]
[Site "Telford, ENG"]
[Date "2019.02.10"]
[Round "6.64"]
[White "Graham, David B"]
[Black "Lee, Richard W Y"]
[Result "1/2-1/2"]
[WhiteElo "2162"]
[BlackElo "2130"]
[PlyCount "152"]
[EventDate "2019.02.10"]
[WhiteTeam "Sussex Martlets 1"]
[BlackTeam "Cambridge University 1"]

1. e4 e6 2. d4 d5 3. Nd2 c5 4. exd5 Qxd5 5. Ngf3 cxd4 6. Bc4 Qd6 7. O-O Nf6 8.
Nb3 Nc6 9. Nbxd4 Nxd4 10. Nxd4 a6 11. Bd3 Bd7 12. c3 Qc7 13. Qf3 Bd6 14. h3 O-O
15. Bg5 Nd5 16. Rfe1 Rae8 17. Rad1 Ne7 18. Bb1 Ng6 19. Qd3 f6 20. Nf3 Bc6 21.
Qxd6 Qxd6 22. Rxd6 Bxf3 23. gxf3 fxg5 24. Bxg6 hxg6 25. Rdxe6 Rd8 26. Kg2 Rd3
27. R1e3 Rd2 28. Re2 Rd3 29. R6e3 Rd5 30. Re7 Rf7 31. Re8+ Rf8 32. R8e5 Rd3 33.
Rxg5 Rdxf3 34. Rxg6 Kh7 35. Rg3 R3f4 36. Rg4 R4f5 37. c4 a5 38. b3 Rf3 39. Rg3
R3f4 40. Rg5 b6 41. a4 Kh6 42. Rb5 R8f6 43. c5 bxc5 44. Rxc5 Rg6+ 45. Kf1 Rb6
46. Re3 Rfb4 47. Rxa5 Rxb3 48. Rxb3 Rxb3 49. Kg2 Rb4 50. Ra8 Kh7 51. a5 Rb5 52.
a6 Rb6 53. Kg3 Rg6+ 54. Kf3 Re6 55. Kf4 Kg6 56. Kg4 Rb6 57. f4 Rc6 58. f5+ Kh7
59. Kf4 Rc4+ 60. Ke5 Rc6 61. Ke4 g6 62. fxg6+ Rxg6 63. Kf5 Rb6 64. h4 Rc6 65.
Kg5 Rb6 66. Ra7+ Kg8 67. Kf5 Rc6 68. Ke5 Kh8 69. Kd5 Rb6 70. Kc5 Rf6 71. h5 Kg8
72. Kb5 Rf5+ 73. Kb4 Rf6 74. Ra8+ Kh7 75. a7 Ra6 76. Kb5 Ra1 1/2-1/2

[Event "4NCL Division 2b"]
[Site "Telford, ENG"]
[Date "2019.02.10"]
[Round "6.65"]
[White "Bukojemski, Adam"]
[Black "Willson, Ollie"]
[Result "1/2-1/2"]
[WhiteElo "2174"]
[BlackElo "2155"]
[PlyCount "103"]
[EventDate "2019.02.10"]
[WhiteTeam "Cambridge University 1"]
[BlackTeam "Sussex Martlets 1"]

1. e4 Nf6 2. Nc3 d5 3. e5 d4 4. exf6 dxc3 5. fxg7 cxd2+ 6. Bxd2 Bxg7 7. c3 Nc6
8. Nf3 Qd5 9. Be3 Qxd1+ 10. Rxd1 Be6 11. Bb5 Bxa2 12. Nd4 Bxd4 13. Rxd4 a6 14.
Bxc6+ bxc6 15. O-O f6 16. Ra1 Bd5 17. c4 e5 18. Rh4 Be6 19. f4 e4 20. f5 Bxf5
21. Rf4 Bg6 22. Rxf6 Kd7 23. Rd1+ Kc8 24. Rxc6 Kb7 25. Rc5 Rhd8 26. Re1 Rd6 27.
h4 Rc6 28. Rg5 Rxc4 29. h5 Be8 30. g4 Bd7 31. Rg7 Kc6 32. Rf1 Be6 33. Rf6 Kd5
34. Rg5+ Kd6 35. Rh6 Rf8 36. Rf5 Rg8 37. g5 Rg7 38. Ra5 Rc6 39. Bd4 Rf7 40. Bc3
Kd7 41. g6 hxg6 42. hxg6 Rf4 43. Rg5 Rd6 44. g7 Rd1+ 45. Kg2 Rff1 46. Bd4 Bc4
47. Be3 Rf3 48. Rg3 Rxg3+ 49. Kxg3 Rd6 50. Rxd6+ cxd6 51. Kf4 Bd5 52. g8=Q
1/2-1/2

[Event "4NCL Division 2b"]
[Site "Telford, ENG"]
[Date "2019.02.10"]
[Round "6.66"]
[White "Blake, J Morgan"]
[Black "Stanisz, Patryk"]
[Result "1/2-1/2"]
[WhiteElo "2162"]
[BlackElo "2146"]
[PlyCount "85"]
[EventDate "2019.02.10"]
[WhiteTeam "Sussex Martlets 1"]
[BlackTeam "Cambridge University 1"]

1. e4 c5 2. Nf3 Nc6 3. Bb5 g6 4. Bxc6 dxc6 5. d3 Bg7 6. h3 Nf6 7. a4 Nd7 8. a5
e5 9. Be3 Qe7 10. Qd2 h6 11. Nc3 Rb8 12. Na4 b5 13. axb6 axb6 14. Qc3 f5 15. b4
f4 16. Bd2 O-O 17. Qb3+ Kh8 18. b5 cxb5 19. Qxb5 Qd6 20. Nb2 Bb7 21. Nc4 Qe6
22. Bc3 Bc6 23. Qb2 Bxe4 24. dxe4 Qxc4 25. O-O-O Rb7 26. Rhe1 Ra8 27. Kb1 Ra4
28. Qb3 Qa6 29. Qe6 Rc7 30. Kc1 Nf8 31. Rd8 Kh7 32. Qd5 Rc4 33. Kd2 Qb5 34. Rb1
Qxb1 35. Qxc4 Rd7+ 36. Rxd7 Nxd7 37. Qe6 Qb5 38. Nxe5 Nxe5 39. Bxe5 Qb4+ 40.
Kd3 Qb5+ 41. Kd2 Qb4+ 42. Kd3 Qb5+ 43. Kd2 1/2-1/2

[Event "4NCL Division 2b"]
[Site "Telford, ENG"]
[Date "2019.02.10"]
[Round "6.67"]
[White "Spencer, Carl J"]
[Black "Miller, Dominic"]
[Result "0-1"]
[WhiteElo "2142"]
[BlackElo "2177"]
[PlyCount "90"]
[EventDate "2019.02.10"]
[WhiteTeam "Cambridge University 1"]
[BlackTeam "Sussex Martlets 1"]

1. e4 e6 2. d4 d5 3. Nd2 Nf6 4. e5 Nfd7 5. f4 c5 6. c3 Nc6 7. Ndf3 Qb6 8. Ne2
Be7 9. h4 f6 10. a3 a5 11. Rh3 a4 12. h5 Qd8 13. Be3 Nb6 14. dxc5 Nc4 15. Bd4
Nxb2 16. Qc2 Nc4 17. Rg3 fxe5 18. Rxg7 exd4 19. Rxh7 Kd7 20. Nexd4 Nxd4 21.
Nxd4 Qg8 22. Rxh8 Bh4+ 23. Ke2 Qxh8 24. Qg6 Qf6 25. Qxf6 Bxf6 26. g4 e5 27.
fxe5 Nxe5 28. Bh3 Ke7 29. Rg1 Bg5 30. Nf3 Nxf3 31. Kxf3 Ra6 32. Re1+ Re6 33.
Rxe6+ Bxe6 34. Bf1 Bd7 35. c4 Bc6 36. cxd5 Bxd5+ 37. Kg3 Kf6 38. Bb5 Bc6 39.
Be2 Bc1 40. Kh4 Bg5+ 41. Kg3 Be3 42. Bf3 Kg5 43. Bxc6 bxc6 44. Kf3 Bxc5 45. Ke4
Bxa3 0-1

[Event "4NCL Division 2b"]
[Site "Telford, ENG"]
[Date "2019.02.10"]
[Round "6.68"]
[White "Higgs, Anthony R J"]
[Black "York-Andersen, Anna"]
[Result "1-0"]
[WhiteElo "2020"]
[BlackElo "1768"]
[PlyCount "85"]
[EventDate "2019.02.10"]
[WhiteTeam "Sussex Martlets 1"]
[BlackTeam "Cambridge University 1"]

1. d4 Nf6 2. Bf4 d5 3. e3 c5 4. c3 Nc6 5. Nd2 e6 6. Bd3 Bd6 7. Bxd6 Qxd6 8.
Ngf3 O-O 9. O-O c4 10. Bc2 b5 11. e4 dxe4 12. Nxe4 Nxe4 13. Bxe4 f5 14. Bxc6
Qxc6 15. Ne5 Qd5 16. Qf3 Bb7 17. Qxd5 exd5 18. a4 a6 19. Rfe1 Rfe8 20. Kf1 Re7
21. axb5 axb5 22. Rxa8+ Bxa8 23. Ra1 Re8 24. Ra5 Rb8 25. Ke2 g5 26. Kd2 Kg7 27.
Kc2 h5 28. Kb1 g4 29. Ka2 Bb7 30. Rxb5 Ra8+ 31. Kb1 Bc8 32. Rxd5 Be6 33. Rc5
Kf6 34. Nxc4 Bxc4 35. Rxc4 Re8 36. Rc6+ Kg5 37. d5 Re1+ 38. Kc2 Re2+ 39. Kd3
Rxf2 40. d6 Rxg2 41. d7 Kf4 42. d8=Q Rg1 43. Qd4+ 1-0

[Event "4NCL Division 2b"]
[Site "Telford, ENG"]
[Date "2019.02.10"]
[Round "6.71"]
[White "Isaakidis, Alexandros"]
[Black "Grieve, Harry"]
[Result "1/2-1/2"]
[WhiteElo "2198"]
[BlackElo "2258"]
[PlyCount "25"]
[EventDate "2019.02.10"]
[WhiteTeam "Wessex A"]
[BlackTeam "Guildford 3"]

1. e4 c6 2. d4 d5 3. e5 c5 4. dxc5 Nc6 5. Bg5 h6 6. Bh4 Bf5 7. g4 Bh7 8. Bb5 g5
9. Bg3 e6 10. b4 Nge7 11. Nf3 Bg7 12. c3 O-O 13. h4 1/2-1/2

[Event "4NCL Division 2b"]
[Site "Telford, ENG"]
[Date "2019.02.10"]
[Round "6.72"]
[White "Emerson, Roger"]
[Black "Pleasants, Allan J"]
[Result "1-0"]
[WhiteElo "2175"]
[BlackElo "2108"]
[PlyCount "93"]
[EventDate "2019.02.10"]
[WhiteTeam "Guildford 3"]
[BlackTeam "Wessex A"]

1. e4 g6 2. d4 Bg7 3. Nc3 d6 4. Nf3 Nf6 5. Be2 O-O 6. O-O Nc6 7. Be3 a6 8. a4
e5 9. dxe5 dxe5 10. h3 Be6 11. Ng5 Nd4 12. Nxe6 Nxe6 13. Bc4 Nh5 14. Bxe6 fxe6
15. Qxd8 Rfxd8 16. a5 Nf6 17. Ra4 Ne8 18. Rb4 Bf8 19. Rxb7 Rdb8 20. Rxb8 Rxb8
21. b3 Bb4 22. Na4 Nd6 23. f3 Bxa5 24. Rd1 Kf7 25. Rd3 Be1 26. g4 h5 27. Kf1
Bg3 28. Kg2 Bh4 29. c4 Rd8 30. Nc5 a5 31. Bd2 Be7 32. Bxa5 Ra8 33. Bxc7 Ra2+
34. Kf1 Nxc4 35. bxc4 Bxc5 36. Bxe5 Rc2 37. Rc3 Rf2+ 38. Ke1 Rg2 39. Rb3 Rc2
40. Rb7+ Kf8 41. Rc7 Bb6 42. Rc6 Ba5+ 43. Kd1 Rd2+ 44. Kc1 Rf2 45. Rxe6 Rf1+
46. Kc2 Rf2+ 47. Kd1 1-0

[Event "4NCL Division 2b"]
[Site "Telford, ENG"]
[Date "2019.02.10"]
[Round "6.73"]
[White "McDougall, William"]
[Black "Stoyanov, Viktor"]
[Result "0-1"]
[WhiteElo "2082"]
[BlackElo "2205"]
[PlyCount "88"]
[EventDate "2019.02.10"]
[WhiteTeam "Wessex A"]
[BlackTeam "Guildford 3"]

1. d4 Nf6 2. c4 c5 3. d5 g6 4. Nc3 Bg7 5. Nf3 O-O 6. g3 d6 7. Bg2 Na6 8. O-O
Nc7 9. h3 Rb8 10. e4 b5 11. e5 Nd7 12. exd6 exd6 13. Bg5 f6 14. Bf4 Ne5 15.
Bxe5 fxe5 16. Nd2 Ba6 17. b3 e4 18. Ncxe4 Bxa1 19. Qxa1 bxc4 20. bxc4 Ne8 21.
f4 h6 22. Re1 Bc8 23. Qc1 Rb7 24. Nf3 Rg7 25. Kh2 Nf6 26. Nf2 Re8 27. g4 Rge7
28. Rxe7 Qxe7 29. Qc3 Nd7 30. Nd2 Rf8 31. Qg3 Nf6 32. Nfe4 Nxe4 33. Nxe4 Ba6
34. f5 Bxc4 35. Nxd6 Bxa2 36. fxg6 Bb1 37. Nf5 Bxf5 38. gxf5 Rxf5 39. d6 Qd7
40. Be4 Rf6 41. g7 Qxg7 42. Qb3+ Kh8 43. d7 Rf2+ 44. Kh1 Rf1+ 0-1

[Event "4NCL Division 2b"]
[Site "Telford, ENG"]
[Date "2019.02.10"]
[Round "6.74"]
[White "Granat, Russell G"]
[Black "Lukosius, Rolandas"]
[Result "0-1"]
[WhiteElo "2202"]
[BlackElo "2072"]
[PlyCount "49"]
[EventDate "2019.02.10"]
[WhiteTeam "Guildford 3"]
[BlackTeam "Wessex A"]

1. e4 c5 2. Nf3 e6 3. d4 cxd4 4. Nxd4 Nf6 5. Bd3 d6 6. O-O Be7 7. Be3 O-O 8. c4
Nc6 9. Nc3 Qc7 10. Rc1 a6 11. a3 Re8 12. b4 Ne5 13. Be2 b6 14. f4 Ng6 15. Bd3
Bf8 16. Nf3 Bb7 17. h3 Bc8 18. Qe1 e5 19. Nd5 Nxd5 20. cxd5 Qb7 21. fxe5 dxe5
22. Rxc8 Raxc8 23. Qd2 b5 24. Qb2 Bd6 25. Bc1 {Remaining moves illegible} 0-1

[Event "4NCL Division 2b"]
[Site "Telford, ENG"]
[Date "2019.02.10"]
[Round "6.75"]
[White "Simons, Martin J"]
[Black "Osborne, Marcus E"]
[Result "0-1"]
[WhiteElo "2008"]
[BlackElo "2142"]
[PlyCount "94"]
[EventDate "2019.02.10"]
[WhiteTeam "Wessex A"]
[BlackTeam "Guildford 3"]

1. e4 c6 2. d3 g6 3. g3 Bg7 4. Bg2 d5 5. Nd2 e5 6. Ngf3 Ne7 7. O-O O-O 8. Qe2
f6 9. c3 b6 10. b3 Ba6 11. c4 Qd7 12. Ba3 d4 13. Nh4 c5 14. f4 Nbc6 15. Rae1
Bc8 16. Bc1 Bh6 17. Nb1 exf4 18. gxf4 Qg4 19. Qxg4 Bxg4 20. h3 Bd7 21. Bd2 g5
22. fxg5 Bxg5 23. Nf5 Ng6 24. Nh6+ Kg7 25. Nf5+ Kh8 26. e5 Bxd2 27. Nxd2 Ngxe5
28. Be4 Bxf5 29. Rxf5 Rae8 30. Rh5 Re7 31. Rf1 Nb4 32. Rh6 Nbxd3 33. Rfxf6 Rg7+
34. Kh2 Rxf6 35. Rxf6 Re7 36. Rh6 Rf7 37. Kg3 Rg7+ 38. Kh2 Nf4 39. Nf3 Rg2+ 40.
Kh1 Nxf3 41. Bxf3 Rxa2 42. Be4 Re2 43. Bxh7 Kg7 44. Rh4 d3 45. Bf5 d2 46. Bc2
Ng6 47. Rg4 Re1+ 0-1

[Event "4NCL Division 2b"]
[Site "Telford, ENG"]
[Date "2019.02.10"]
[Round "6.76"]
[White "Punnett, Alan K"]
[Black "Duggan, Michael F G"]
[Result "1/2-1/2"]
[WhiteElo "1991"]
[BlackElo "2041"]
[PlyCount "86"]
[EventDate "2019.02.10"]
[WhiteTeam "Guildford 3"]
[BlackTeam "Wessex A"]

1. e4 c6 2. Nf3 d5 3. Nc3 Nf6 4. e5 Ne4 5. Be2 Nxc3 6. dxc3 Bg4 7. h3 Bxf3 8.
Bxf3 e6 9. O-O Bc5 10. Qe2 Qh4 11. Kh2 Nd7 12. b3 Bb6 13. g3 Qe7 14. Bg2 O-O
15. Bb2 a5 16. c4 a4 17. cxd5 exd5 18. c4 a3 19. Bc3 d4 20. Bd2 Qxe5 21. Qg4 f5
22. Qf4 Rfe8 23. Rae1 Qxf4 24. Bxf4 Ba5 25. Rxe8+ Rxe8 26. Bf3 Ne5 27. Bxe5
Rxe5 28. Rd1 Bc3 29. g4 fxg4 30. hxg4 Kf7 31. Kg3 h6 32. Rh1 Ke6 33. Rh5 Re1
34. Rh1 d3 35. Rxe1+ Bxe1 36. Kf4 Bxf2 37. Ke4 d2 38. b4 c5 39. b5 b6 40. Bd1
Bd4 41. Kf4 g5+ 42. Ke4 Be5 43. Bc2 Bf4 1/2-1/2

[Event "4NCL Division 2b"]
[Site "Telford, ENG"]
[Date "2019.02.10"]
[Round "6.77"]
[White "Weatherlake, John P"]
[Black "Shepley, Julien M"]
[Result "0-1"]
[WhiteElo "1922"]
[BlackElo "1929"]
[PlyCount "54"]
[EventDate "2019.02.10"]
[WhiteTeam "Wessex A"]
[BlackTeam "Guildford 3"]

1. g3 d5 2. Bg2 c5 3. d3 Nf6 4. Nd2 Nc6 5. e4 e6 6. f4 Be7 7. c3 O-O 8. e5 Nd7
9. Ngf3 b5 10. O-O a5 11. Re1 Ba6 12. Nf1 Qb6 13. Be3 Rad8 14. d4 b4 15. Bf2
Rb8 16. g4 bxc3 17. bxc3 Qb7 18. Re3 cxd4 19. Nxd4 Nxd4 20. cxd4 Rfc8 21. Rb3
Qc7 22. Qf3 a4 23. Rxb8 Rxb8 24. Ne3 Qb7 25. Qd1 Be2 26. Qe1 Bb4 27. Qc1 Bd2 {
Scoresheets unclear} 0-1

[Event "4NCL Division 2b"]
[Site "Telford, ENG"]
[Date "2019.02.10"]
[Round "6.78"]
[White "Stimpson, Philip M"]
[Black "Jaufarally, Nadia"]
[Result "0-1"]
[WhiteElo "1894"]
[BlackElo "1913"]
[PlyCount "58"]
[EventDate "2019.02.10"]
[WhiteTeam "Guildford 3"]
[BlackTeam "Wessex A"]

1. e4 c5 2. Nc3 g6 3. f4 Nc6 4. Nf3 Bg7 5. Bb5 Nd4 6. O-O Nxb5 7. Nxb5 d6 8. d3
Bd7 9. Nc3 Bc6 10. Qe2 Nf6 11. Bd2 O-O 12. Nd1 Rc8 13. Bc3 Re8 14. Nf2 Qc7 15.
g4 e5 16. f5 Qd7 17. Bd2 d5 18. g5 Nh5 19. f6 Bf8 20. exd5 Qxd5 21. Ne4 Nf4 22.
Bxf4 exf4 23. c4 Qf5 24. Nfd2 Qxg5+ 25. Qg2 Qxg2+ 26. Kxg2 f3+ 27. Rxf3 Bh6 28.
Nd6 Bxd2 29. Nxc8 Rxc8 0-1

[Event "4NCL Division 2b"]
[Site "Telford, ENG"]
[Date "2019.02.10"]
[Round "6.81"]
[White "Makkar, Rajat"]
[Black "Delaney, Killian"]
[Result "0-1"]
[WhiteElo "2138"]
[BlackElo "2234"]
[PlyCount "76"]
[EventDate "2019.02.10"]
[WhiteTeam "Grantham Sharks 2"]
[BlackTeam "Gonzaga"]

1. d4 d5 2. c4 Nc6 3. Nc3 Nf6 4. Nf3 dxc4 5. d5 Na5 6. e4 c6 7. dxc6 Qxd1+ 8.
Kxd1 bxc6 9. Bf4 Bg4 10. Bc7 Nb7 11. Bxc4 e6 12. Kc2 Bxf3 13. gxf3 Bd6 14. Ba6
Bxc7 15. Bxb7 Rb8 16. Bxc6+ Ke7 17. Rad1 Rhc8 18. Ba4 Be5 19. Rd3 Rc7 20. h4
Nh5 21. Rhd1 Rbb7 22. Bb3 Nf4 23. Re3 Ng2 24. Red3 Nxh4 25. Kb1 Ng6 26. Ne2 a5
27. a4 Nf4 28. Nxf4 Bxf4 29. Ka2 Rd7 30. Bc4 Rxd3 31. Rxd3 h5 32. Rd1 h4 33.
Rh1 g5 34. Bb5 Rc7 35. Kb1 Kf6 36. b3 Rc3 37. Bf1 Rxf3 38. b4 Rc3 0-1

[Event "4NCL Division 2b"]
[Site "Telford, ENG"]
[Date "2019.02.10"]
[Round "6.82"]
[White "Jackson, Carl"]
[Black "Birtwistle, Nigel"]
[Result "0-1"]
[WhiteElo "2145"]
[BlackElo "2145"]
[PlyCount "88"]
[EventDate "2019.02.10"]
[WhiteTeam "Gonzaga"]
[BlackTeam "Grantham Sharks 2"]

1. e4 c5 2. Nc3 g6 3. f4 Bg7 4. Nf3 a6 5. g3 Nc6 6. Bg2 d6 7. d3 Nf6 8. O-O Bg4
9. h3 Bxf3 10. Qxf3 O-O 11. g4 Nd7 12. Ne2 Rc8 13. c3 b5 14. a3 Na5 15. Be3 Nb3
16. Rad1 a5 17. d4 cxd4 18. Nxd4 Nxd4 19. Bxd4 e5 20. Be3 exf4 21. Bxf4 Ne5 22.
Qf2 Qc7 23. Rd5 Rb8 24. Rfd1 Rfd8 25. Bf1 Qc6 26. Be2 h6 27. Qe3 b4 28. cxb4
axb4 29. Kg2 g5 30. Bg3 Rd7 31. axb4 Rxb4 32. Qd2 Rbb7 33. b4 Nc4 34. Bxc4 Qxc4
35. Bxd6 Qxe4+ 36. Kh2 Rxd6 37. Rxd6 Be5+ 38. Kg1 Bxd6 39. Qxd6 Rxb4 40. Qd8+
Kg7 41. Qd3 Qe5 42. Rc1 Re4 43. Qc3 Rd4 44. Re1 Rxg4+ 0-1

[Event "4NCL Division 2b"]
[Site "Telford, ENG"]
[Date "2019.02.10"]
[Round "6.83"]
[White "Munshi, Aditya"]
[Black "Murray, David"]
[Result "1/2-1/2"]
[WhiteElo "2108"]
[BlackElo "2143"]
[PlyCount "83"]
[EventDate "2019.02.10"]
[WhiteTeam "Grantham Sharks 2"]
[BlackTeam "Gonzaga"]

1. e4 c5 2. Nf3 Nc6 3. Bb5 g6 4. Bxc6 dxc6 5. d3 Bg7 6. h3 Nh6 7. Nc3 f6 8. Be3
b6 9. Qd2 Nf7 10. Nh2 e5 11. f4 Be6 12. O-O Qd7 13. fxe5 Nxe5 14. Bh6 O-O 15.
Bxg7 Kxg7 16. Nf3 Rad8 17. Ne2 Nxf3+ 18. Rxf3 Qd6 19. Raf1 Qe5 20. Nf4 Bf7 21.
Rg3 g5 22. h4 h6 23. hxg5 hxg5 24. Ne2 Bg6 25. Qc3 Rfe8 26. Rgf3 Qxc3 27. Nxc3
Re6 28. b3 Rh8 29. Nd1 Bh5 30. Rh3 Bxd1 31. Rxh8 Kxh8 32. Rxd1 Kg7 33. Rf1 Re8
34. Rf5 Kg6 35. a4 a5 36. g4 Rh8 37. e5 fxe5 38. Rxe5 Kf6 39. Rf5+ Kg6 40. Re5
Kf6 41. Rf5+ Kg6 42. Re5 1/2-1/2

[Event "4NCL Division 2b"]
[Site "Telford, ENG"]
[Date "2019.02.10"]
[Round "6.84"]
[White "Moran, Stephen"]
[Black "Varnam, Liam D"]
[Result "1/2-1/2"]
[WhiteElo "2155"]
[BlackElo "2101"]
[PlyCount "63"]
[EventDate "2019.02.10"]
[WhiteTeam "Gonzaga"]
[BlackTeam "Grantham Sharks 2"]

1. d4 d5 2. c4 dxc4 3. e4 e5 4. Nf3 exd4 5. Bxc4 Nc6 6. O-O Be6 7. Bb5 Bc5 8.
b4 Bb6 9. a4 a6 10. Bxc6+ bxc6 11. a5 Ba7 12. Bb2 Ne7 13. Bxd4 Bxd4 14. Nxd4
Qd6 15. Nxe6 Qxe6 16. Qd4 O-O 17. Nc3 f5 18. Rad1 fxe4 19. Rfe1 Nf5 20. Qxe4
Qxe4 21. Nxe4 Rab8 22. Nc5 Rxb4 23. Nxa6 Rb5 24. Nxc7 Rxa5 25. Ne6 Re8 26. Nd8
Rxe1+ 27. Rxe1 Ne7 28. Kf1 Rd5 29. Rxe7 Rxd8 30. Rc7 Rd6 31. h4 h5 32. Ke2
1/2-1/2

[Event "4NCL Division 2b"]
[Site "Telford, ENG"]
[Date "2019.02.10"]
[Round "6.86"]
[White "Freeman, Gordon"]
[Black "Cumbers, Paul"]
[Result "1-0"]
[WhiteElo "2083"]
[BlackElo "2137"]
[PlyCount "85"]
[EventDate "2019.02.10"]
[WhiteTeam "Gonzaga"]
[BlackTeam "Grantham Sharks 2"]

1. Nf3 f5 2. g3 Nf6 3. Bg2 d6 4. d4 g6 5. O-O Bg7 6. c3 O-O 7. Nbd2 c6 8. a4
Qe8 9. Nc4 Be6 10. Na5 Qc8 11. Ng5 Bd5 12. f3 b6 13. Nb3 h6 14. e4 Bc4 15. Nh3
Bxf1 16. Bxf1 fxe4 17. Nf4 Kh7 18. Bh3 Nbd7 19. Ne6 Rf7 20. fxe4 Nxe4 21. Be3
Qb7 22. Qg4 Ndf6 23. Qh4 Rh8 24. Nd2 Nxd2 25. Bxd2 Kg8 26. Nd8 Qc7 27. Nxf7
Kxf7 28. Re1 e5 29. dxe5 dxe5 30. Qc4+ Nd5 31. Rf1+ Bf6 32. Qg4 Qd6 33. c4 Ne7
34. Qf3 Kg7 35. Bb4 Qd4+ 36. Kh1 Rf8 37. Bc3 e4 38. Qf4 g5 39. Qc7 Qc5 40. b4
Qxc4 41. Rxf6 Rxf6 42. Qxe7+ Qf7 43. Bxf6+ 1-0

[Event "4NCL Division 2b"]
[Site "Telford, ENG"]
[Date "2019.02.10"]
[Round "6.87"]
[White "Murphy, Hugh W"]
[Black "Bourached, Anthony"]
[Result "0-1"]
[WhiteElo "2123"]
[BlackElo "2026"]
[PlyCount "80"]
[EventDate "2019.02.10"]
[WhiteTeam "Grantham Sharks 2"]
[BlackTeam "Gonzaga"]

1. d4 Nf6 2. Nf3 e6 3. e3 c5 4. Bd3 d5 5. b3 Nc6 6. O-O b6 7. Bb2 Bb7 8. Nbd2
Be7 9. Ne5 O-O 10. a3 Nxe5 11. dxe5 Ne4 12. Qe2 Nxd2 13. Qxd2 f5 14. exf6 Bxf6
15. Bxf6 Qxf6 16. c4 Rad8 17. Qc2 g6 18. b4 d4 19. e4 Bc6 20. b5 Bb7 21. a4 Qe5
22. a5 Rf4 23. f3 g5 24. axb6 axb6 25. Ra7 Rd7 26. Qd2 Rg7 27. g3 Rf6 28. Raa1
Qd6 29. Rf2 e5 30. Raf1 h6 31. Re1 Rgf7 32. Qd1 Qf8 33. Be2 Bxe4 34. Ref1 Bg6
35. Rg2 e4 36. f4 d3 37. Bh5 Bxh5 38. Qxh5 e3 39. Re1 e2 40. Ra1 Re7 0-1

[Event "4NCL Division 2b"]
[Site "Telford, ENG"]
[Date "2019.02.10"]
[Round "6.88"]
[White "Carroll, Peter"]
[Black "Milson, Samuel A"]
[Result "1-0"]
[WhiteElo "1953"]
[BlackElo "2126"]
[PlyCount "121"]
[EventDate "2019.02.10"]
[WhiteTeam "Gonzaga"]
[BlackTeam "Grantham Sharks 2"]

1. e4 e6 2. d4 d5 3. Nc3 Nf6 4. exd5 exd5 5. Bd3 c6 6. Nf3 Bd6 7. O-O O-O 8.
Ne2 Re8 9. Ng3 Nbd7 10. Re1 Nf8 11. Rxe8 Qxe8 12. Bd2 Bd7 13. Qe1 Ng6 14. Bg5
Bxg3 15. hxg3 Ne4 16. Bf4 Nxf4 17. gxf4 f6 18. Nd2 Nd6 19. c3 Qf7 20. Qf1 Re8
21. Re1 Bf5 22. Bxf5 Nxf5 23. Re2 Qh5 24. Nf3 Nd6 25. Rxe8+ Qxe8 26. Qe1 Qxe1+
27. Nxe1 Kf7 28. g4 h5 29. gxh5 Ke6 30. f3 Kf5 31. Nd3 a5 32. Kf2 b6 33. Kg3
Nf7 34. Nf2 c5 35. dxc5 bxc5 36. Nd3 c4 37. Nc1 Nd6 38. Ne2 Ke6 39. Nd4+ Kf7
40. Kg4 Nb7 41. Nc6 a4 42. f5 Nc5 43. Nb4 Nd3 44. Nxd5 Nxb2 45. Ne3 a3 46. Kf4
Nd3+ 47. Ke4 Nc1 48. Nxc4 Nxa2 49. Kd4 Nb4 50. Nxa3 Nc6+ 51. Ke4 Ne5 52. c4 Ke7
53. c5 Kd7 54. Kd5 Nc6 55. Nb5 Ne7+ 56. Kc4 Nxf5 57. Nd4 Ne7 58. Kb5 Nd5 59.
c6+ Kd6 60. Nf5+ Kc7 61. Nxg7 1-0

[Event "4NCL Division 2b"]
[Site "Telford, ENG"]
[Date "2019.03.16"]
[Round "7.51"]
[White "Rogers, Jonathan W"]
[Black "Isaakidis, Alexandros"]
[Result "1-0"]
[WhiteElo "2317"]
[BlackElo "2188"]
[PlyCount "49"]
[EventDate "2019.03.16"]
[WhiteTeam "Barbican 4NCL 2"]
[BlackTeam "Wessex A"]

1. Nf3 Nf6 2. d4 e6 3. g3 b5 4. Qd3 b4 5. a3 c5 6. axb4 cxd4 7. b5 Bc5 8. Bg2
Bb7 9. O-O Qc7 10. Nxd4 Bxg2 11. Kxg2 Bxd4 12. Qxd4 Qb7+ 13. f3 Qxb5 14. c4 Qb7
15. Bg5 Nc6 16. Qc3 Ke7 17. Rd1 d6 18. Nd2 Rab8 19. Ne4 Qxb2 20. Nxf6 Qxe2+ 21.
Kh1 Rb2 22. Ne4+ f6 23. Bxf6+ gxf6 24. Qxf6+ Kd7 25. Qg7+ 1-0

[Event "4NCL Division 2b"]
[Site "Telford, ENG"]
[Date "2019.03.16"]
[Round "7.52"]
[White "Gill, Oliver"]
[Black "Dorrington, Chris J"]
[Result "0-1"]
[WhiteElo "2101"]
[BlackElo "2309"]
[PlyCount "122"]
[EventDate "2019.03.16"]
[WhiteTeam "Wessex A"]
[BlackTeam "Barbican 4NCL 2"]

1. e4 c6 2. d4 d5 3. e5 Bf5 4. h4 h5 5. Bd3 Bxd3 6. Qxd3 e6 7. Bg5 Qb6 8. Nd2
Ne7 9. Ngf3 Qa6 10. c4 Nd7 11. O-O Nf5 12. Qc3 dxc4 13. Nxc4 Nb6 14. Ne3 Nxe3
15. fxe3 c5 16. dxc5 Nd5 17. Qd4 b6 18. cxb6 axb6 19. Qe4 Bc5 20. Nd4 O-O 21.
Rf2 Nb4 22. a3 Qd3 23. Qf3 Qg6 24. Nb3 Nd3 25. Nxc5 bxc5 26. Rd2 Nxe5 27. Qe2
Rfc8 28. Rad1 f6 29. Bf4 Nf7 30. e4 e5 31. Bh2 Rc7 32. Kh1 Nh6 33. Rd8+ Rxd8
34. Rxd8+ Kh7 35. Bg1 c4 36. Rd5 c3 37. bxc3 Rxc3 38. a4 Ra3 39. a5 Qg3 40. Qf2
Qxf2 41. Bxf2 Ng4 42. Bg1 Ra1 43. Rd2 Rxa5 44. g3 Ra4 45. Re2 Kg6 46. Kg2 Rc4
47. Bb6 Kf7 48. Bg1 Ke6 49. Bb6 Nh6 50. Bg1 Nf7 51. Kf3 Nd6 52. Bf2 Rc3+ 53.
Kg2 g5 54. hxg5 fxg5 55. Re1 Rc4 56. Bb6 Nxe4 57. Rh1 Rc2+ 58. Kf3 Nf6 59. Bd8
g4+ 60. Ke3 Rc3+ 61. Ke2 Ne4 0-1

[Event "4NCL Division 2b"]
[Site "Telford, ENG"]
[Date "2019.03.16"]
[Round "7.53"]
[White "Navarro Cia, Miguel"]
[Black "Wilson, Jaimie"]
[Result "1-0"]
[WhiteElo "2253"]
[BlackElo "2096"]
[PlyCount "65"]
[EventDate "2019.03.16"]
[WhiteTeam "Barbican 4NCL 2"]
[BlackTeam "Wessex A"]

1. e4 e5 2. Nf3 Nc6 3. d4 exd4 4. Nxd4 Nf6 5. Nxc6 bxc6 6. e5 Qe7 7. Qe2 Nd5 8.
c4 Nb6 9. Nc3 a5 10. Bd2 Ba6 11. Qe4 g6 12. Bd3 Bg7 13. O-O O-O 14. Rae1 Rfe8
15. f4 Bxc4 16. Kh1 Bxd3 17. Qxd3 Qe6 18. b3 a4 19. f5 gxf5 20. Rxf5 axb3 21.
axb3 Ra5 22. Ne4 Rd5 23. Qf3 Kh8 24. Ng5 Qg6 25. Nxf7+ Kg8 26. Bc3 d6 27. Rf1
dxe5 28. Bxe5 Rdxe5 29. Nxe5 Bxe5 30. Rxe5 Rd8 31. Rf5 Nd7 32. Qf4 Re8 33. Rg5
1-0